000 00336nam a22001457a 4500
008 230601b ||||| |||| 00| 0 eng d
020 _a9781133308065
041 _aeng
080 _2THIRD EDITION
_a37
082 _a37AND
100 _a22
101 _aEDU
245 _aACTIVE SKILLS FOR READING
_cANDERSON .J .N
942 _2udc
_cBK
999 _c59902
_d59902